Supplemental guarantee agreement (Salto Grande, Jurumirim and Xavantes projects ) between the United States of Brazil and International Bank for Reconstruction and Development : (Record no. 802451)
[ view plain ]
| 000 -LEADER | |
|---|---|
| fixed length control field | 01103namaa2200313 a 4500 |
| 001 - CONTROL NUMBER | |
| control field | vtls000979636 |
| 003 - CONTROL NUMBER IDENTIFIER | |
| control field | NLI |
| 005 - DATE AND TIME OF LATEST TRANSACTION | |
| control field | 20210627100429.0 |
| 008 - FIXED-LENGTH DATA ELEMENTS--GENERAL INFORMATION | |
| fixed length control field | 120209s1967 wau i000 0 eng |
| 039 #9 - LEVEL OF BIBLIOGRAPHIC CONTROL AND CODING DETAIL [OBSOLETE] | |
| -- | 201202091919 |
| -- | VLOAD |
| 040 ## - CATALOGING SOURCE | |
| Original cataloging agency | NLI |
| Transcribing agency | VTLS-2010_FOD |
| Description conventions | AACR2 |
| 041 1# - LANGUAGE CODE | |
| Language code of text/sound track or separate title | eng |
| 044 ## - COUNTRY OF PUBLISHING/PRODUCING ENTITY CODE | |
| MARC country code | wau |
| 082 04 - DEWEY DECIMAL CLASSIFICATION NUMBER | |
| Classification number | 332.15 |
| 245 00 - TITLE STATEMENT | |
| Title | Supplemental guarantee agreement (Salto Grande, Jurumirim and Xavantes projects ) between the United States of Brazil and International Bank for Reconstruction and Development : |
| Remainder of title | dated April 26, 1967 |
| 260 ## - PUBLICATION, DISTRIBUTION, ETC. | |
| Place of publication, distribution, etc. | Washington : |
| Name of publisher, distributor, etc. | Press of B.S. adams, |
| Date of publication, distribution, etc. | 1967 |
| 300 ## - PHYSICAL DESCRIPTION | |
| Extent | 7 p. ; |
| Dimensions | 28 cm. |
| 500 ## - GENERAL NOTE | |
| General note | Loan Number 93 BR, 187 BR, and 404 BR |
| 500 ## - GENERAL NOTE | |
| General note | amendment |
| 500 ## - GENERAL NOTE | |
| General note | Supplemental guarantee agreement |
| 650 #0 - SUBJECT ADDED ENTRY--TOPICAL TERM | |
| Topical term or geographic name entry element | Economic Development |
| Geographic subdivision | Bolivia |
| 9 (RLIN) | 749399 |
| 650 #0 - SUBJECT ADDED ENTRY--TOPICAL TERM | |
| Topical term or geographic name entry element | Financial assistance |
| Geographic subdivision | Bolivia |
| 710 2# - ADDED ENTRY--CORPORATE NAME | |
| Corporate name or jurisdiction name as entry element | International Development Association, Washington |
| Relationship | pbl |
| 710 2# - ADDED ENTRY--CORPORATE NAME | |
| Corporate name or jurisdiction name as entry element | World Bank (Washington) |
| 887 ## - NON-MARC INFORMATION FIELD | |
| Content of non-MARC field | |
| 901 ## - LOCAL DATA ELEMENT A, LDA (RLIN) | |
| a | UN35977 |
| b | 07.07.2010 |
| 902 ## - LOCAL DATA ELEMENT B, LDB (RLIN) | |
| a | U.N 332.15 Ag 84 g (93 Br) |
| 942 ## - ADDED ENTRY ELEMENTS (KOHA) | |
| Source of classification or shelving scheme | Dewey Decimal Classification |
| Koha item type | Books |
| Withdrawn status | Lost status | Damaged status | Not for loan | Collection code | Home library | Current library | Shelving location | Date acquired | Total Checkouts | Full call number | Date last seen | Price effective from | Koha item type |
|---|---|---|---|---|---|---|---|---|---|---|---|---|---|
| United Nations | National Library of India | National Library of India | Foreign Official Documents - United Nations | U.N 332.15 Ag 84 g (93 Br) | 27/06/2021 | 27/06/2021 | Books |
